| 000 | 00990nam a2200313 a 4500 | ||
|---|---|---|---|
| 001 | 2411515 | ||
| 003 | OSt | ||
| 005 | 20140310181636.0 | ||
| 008 | 860416s1983 oruac 000 0 eng | ||
| 010 | _a 86146321 | ||
| 040 |
_aDLC _cDLC _dDLC |
||
| 043 | _an-us-or | ||
| 050 | 0 | 0 |
_aHQ 1438 _b.N616 1983 |
| 082 | 0 | 0 |
_aTR 305.4 _bNi51 1983 |
| 100 | 1 | _aNichols, Ellen. | |
| 245 | 1 | 0 |
_aImages of Oregon women / _cby Ellen Nichols ; photography by Tom Ballard, Dorothy Thornton. |
| 260 |
_aSalem, Or. (1110 Saginaw St. So., Salem 97302) : _bMadison Press, _cc1983. |
||
| 300 |
_a208 p. : _bill., ports. ; _c24 cm. |
||
| 520 | _a1. Women--Oregon | ||
| 521 | _aFaculty | ||
| 541 | _j1 | ||
| 562 | _eFor circulation. 1 copy in the collection | ||
| 650 | 0 |
_aWomen _zOregon _xInterviews. |
|
| 650 | 0 |
_aFeminism _zOregon. |
|
| 650 | 0 |
_aWomen's rights _zOregon. |
|
| 906 |
_a7 _bcbc _corignew _d3 _encip _f19 _gy-gencatlg |
||
| 942 |
_2lcc _cBK-TR _kTR |
||
| 999 |
_c696 _d696 |
||